00265nam a22001097a 4500008004100000020001800041041000800059080000800067100000700075101000800082245006500090181206b xxu||||| |||| 00| 0 eng d a9780205268238 aeng a370 a49 aEDU aLeadership In Counting And Distance EducationcJones.C.C